UM Logo

A roadmap to establishing a community engagement partnership between a university PETE program and a homeschool community / (Record no. 22509)

MARC details
000 -LEADER
fixed length control field 01010nam a22002297a 4500
003 - CONTROL NUMBER IDENTIFIER
control field OSt
005 - DATE AND TIME OF LATEST TRANSACTION
control field 20250822135113.0
008 - FIXED-LENGTH DATA ELEMENTS--GENERAL INFORMATION
fixed length control field 241011b |||||||| |||| 00| 0 eng d
040 ## - CATALOGING SOURCE
Transcribing agency 0
082 ## - DEWEY DECIMAL CLASSIFICATION NUMBER
Classification number DPer 613.705 J826 January-December 2020 v. 91 n. 1-9
100 ## - MAIN ENTRY--PERSONAL NAME
Personal name Schwamberger, Benjamin.
Relator term author.
9 (RLIN) 62846
245 ## - TITLE STATEMENT
Title A roadmap to establishing a community engagement partnership between a university PETE program and a homeschool community /
Statement of responsibility, etc. Benjamin Schwamberger and Zachary Wahl-Alexander.
260 ## - PUBLICATION, DISTRIBUTION, ETC. (IMPRINT)
Place of publication, distribution, etc. Virginia ;
Name of publisher, distributor, etc. American Alliance for Health ,
Date of publication, distribution, etc. October 2020.
300 ## - PHYSICAL DESCRIPTION
Extent Volume 91, pages 39-45 :
Other physical details illustration ;
Dimensions 28 cm.
500 ## - GENERAL NOTE
General note The Journal of Physical Education Recreation & Dance, vol. 91, no. 8, pages 39-45, October 2020.
650 #0 - SUBJECT ADDED ENTRY--TOPICAL TERM
Topical term or geographic name as entry element Health education.
9 (RLIN) 38188
650 #0 - SUBJECT ADDED ENTRY--TOPICAL TERM
Topical term or geographic name as entry element Home study.
9 (RLIN) 64914
650 #0 - SUBJECT ADDED ENTRY--TOPICAL TERM
Topical term or geographic name as entry element School community relationship.
9 (RLIN) 66991
700 ## - ADDED ENTRY--PERSONAL NAME
Personal name Schwamberger, Benjamin.
Relator term author.
9 (RLIN) 62846
700 ## - ADDED ENTRY--PERSONAL NAME
Personal name Wahl-Alexander, Zachary.
Relator term author.
9 (RLIN) 62730
942 ## - ADDED ENTRY ELEMENTS (KOHA)
Source of classification or shelving scheme Dewey Decimal Classification
Koha item type Periodicals
Holdings
Withdrawn status Lost status Source of classification or shelving scheme Damaged status Not for loan Collection code Home library Current library Date acquired Total Checkouts Full call number Date last seen Price effective from Koha item type Public note
    Dewey Decimal Classification     Periodicals UM Digos College - LIC UM Digos College - LIC 10/11/2024   DPer 613.705 J826 January-December 2020 v. 91 n. 1-9 10/11/2024 10/11/2024 Periodicals Periodical Article